000 00780nam a22001937a 4500
999 _c63921
_d63921
005 20260220111625.0
008 260220s2006 enk||||| |||| 00| 0 geo d
020 _a9789996002618x
041 _aeng
080 _a616 S-67
245 _aSleisenger and Fordtran's Gastrointestinal and Liver Disease:
_b Pathophysiology, Diagnosis, Management (Volume 2) /
_cEdited by Mark Feldman; Lawrence S. Friedman; Lawrence J. Brandt.
250 _a18 th edition
264 _aNew York :
_bSaunders,
_c2006.
300 _a2889 p.:
_bill.;
_c28 cm.
700 _a Feldman, Mark
_eრედაქტორი
_926933
700 _aFriedman, Lawrence S.
_eრედაქტორი
_926934
700 _a Brandt, Lawrence J.
_eრედაქტორი
_926935
942 _2udc
_cᲬᲘᲒᲜᲘ